| 000 | 00350pam a2200133 a 4500 | ||
|---|---|---|---|
| 020 |
_a0-87692-041-5 _c |
||
| 041 | _h | ||
| 082 |
_a658.5 _bPLO |
||
| 100 | _aPLOSSL G.W.,WIGHT O.W., | ||
| 245 |
_aPRODUCTION AND INVENTORY CONTROL _hTextual Documents |
||
| 260 |
_aNEW DELHI _bPRENTICE-HALL OF INDIA PVT LTD _c1967 |
||
| 300 | _aXVI+432 | ||
| 930 | _a8521 | ||
| 999 |
_c127975 _d127975 |
||